Tvorba interaktívnej aplikácie na analýzu a vizualizáciu dát s využitím programovacieho jazyka Python bakalárska práca

Na minha lista:
Detalhes bibliográficos
Autor principal: Šuhaj, Tomáš
Autor Corporativo: Fakulta hospodárskej informatiky EU. Katedra matematiky a aktuárstva
Outros Autores: Teplanová, Patrícia, 1998-
Formato: Livro
Idioma:eslovaco
Publicado em: Bratislava 2023
Tags: Adicionar Tag
Sem tags, seja o primeiro a adicionar uma tag!

MARC

LEADER 00000nbm a2200000 4500
001 0295021
005 20240202094132.2
041 0 |a slo 
044 |a SK 
245 1 0 |a Tvorba interaktívnej aplikácie na analýzu a vizualizáciu dát s využitím programovacieho jazyka Python  |b bakalárska práca  |c Tomáš Šuhaj ; školiteľ: Patrícia Teplanová 
264 1 |a Bratislava  |c 2023 
300 |a 52 s. 
100 1 |a Šuhaj, Tomáš 
700 1 |a Teplanová, Patrícia, 1998- 
710 2 |a Fakulta hospodárskej informatiky EU. Katedra matematiky a aktuárstva